[Event "Kishinev Ghimpu Memorial op"]
[Site "Kishinev"]
[Date "2012.11.10"]
[Round "3"]
[White "Gidicov, Artiom"]
[Black "Scorobogatov, Vladimir"]
[Result "1-0"]
[WhiteElo "2029"]
[BlackElo "1781"]
[PlyCount "95"]
[EventDate "2012.11.09"]
[EventType "swiss"]
[EventRounds "9"]
[EventCountry "MDA"]
[SourceTitle "EXT 2014"]
[Source "ChessBase"]
[SourceDate "2013.11.20"]
[SourceVersion "1"]
[SourceVersionDate "2013.11.20"]
[SourceQuality "1"]

1. e4 e5 2. Nf3 Nc6 3. Bb5 a6 4. Bxc6 dxc6 5. 0-0 Bg4 6. h3 Bxf3 7. Qxf3 Qf6 8. Qg3 0-0-0 9. d3 h6 10. Nd2 g5 11. Nc4 Re8 12. Bd2 Bd6 13. Rad1 Qe6 14. Qg4 Qxg4 15. hxg4 Ne7 16. Bc3 Ng6 17. d4 f6 18. dxe5 Bxe5 19. Nxe5 Nxe5 20. Bxe5 Rxe5 21. f3 h5 22. gxh5 Rxh5 23. Kf2 Rh7 24. Rh1 Ree7 25. Kg3 Rxh1 26. Rxh1 Kd7 27. Rd1+ Ke6 28. a4 a5 29. Rd8 b6 30. Kf2 Ke5 31. Ke3 Rh7 32. Re8+ Kd6 33. f4 Rg7 34. g3 Kd7 35. Rh8 Ke6 36. Rh6 Ke7 37. f5 Rf7 38. e5 fxe5 39. Ke4 Kd7 40. Kxe5 Re7+ 41. Kf6 Re3 42. g4 Re2 43. Kxg5 Rxc2 44. Kf6 Rxb2 45. g5 b5 46. g6 Rg2 47. g7 b4 48. Rg6 1-0